000 00596nam a22001817a 4500
005 20250225073054.0
008 250225b |||||||| |||| 00| 0 eng d
020 _a9781485150848
041 _aEnglish
082 _a344.4 RAM
100 _aRK Ramdass
_lEnglish
245 _aMedico-Legal Aspects of Cerebral Palsy:
_bA handbook for legal and healthcare practitioners /
_cRK Ramdass
250 _aFirst Edition
260 _aCape Town:
_bJuta and Company Ltd,
_c2024
300 _bix, 60 pages;
_c24 cm.
650 _aLegal practice
_bLaw
942 _cBK
_6ALISON_BN_VRIES
999 _c3290
_d3290